000 02560nam a22003497a 4500
003 OSt
005 20260416125138.0
008 260415t2021 xxu||||| |||| 00| 0 eng d
020 _a9783030522070
020 _a9783030522063
040 _aUnicoc
_bspa
_c00001
_d00001
082 _a617.695
100 _912968
_aChaughule, Ramesh S.
245 _aAdvances in dental implantology using
_b: nanomaterials and allied technology applications
_c/ Ramesh S. Chaughule, Rajesh Dashaputra
250 _a1 Ed.
260 _aSuiza :
_bSpringer ,
_c2021
300 _a422 páginas
_bIlustraciones, diagramas, tablas, gráficas
500 _aIncluye Índice y referencias bibliográficas
505 _t1. Nanotechnology in implant dentistry. --
_t2. Nanobiomaterials in craniofacial bone regeneration. --
_t3. Nanomaterials in prosthetic rehabilitation of maxillofacial defects. --
_t4. Potential applications of graphene-based nanomaterials in biomedical, dental, and implant applications. --
_t5. Implant materials and surfaces to minimizing biofilm formation and peri-implantitis. --
_t6. Biomaterials for bone grafting and craniofacial bone regeneration. --
_t7. Nanobiomaterials: stem cell interaction and role in tissue engineering. --
_t8. Polyurethane foam as a model to study primary implant stability: a series of in vitro studies. --
_t9. Peri-implantitis: a serious problem of dental implantology. --
_t10. Lasers in implant dentistry. --
_t11. Applications of CAD/CAM technology in dental implant planning and implant surgery. --
_t12. Modelling and impressions in implants. --
_t13. 3D printing in dentistry: fundamentals, workflows and clinical applications. --
_t14. Maxillofacial reconstruction: from autogenous bone grafts to bone tissue engineering. --
_t15.Use of three-dimensional dental impressions in maxillofacial surgeries. --
_t16. Use of zygomatic implant on the severe atrophic maxilla.
526 _5Unicoc
546 _aInglés
650 0 _937
_aImplantes dentales
650 0 _912965
_aImplantología dental
650 0 _912970
_aNanomateriales
650 0 _961
_aBiomateriales
650 0 _912892
_aNanotecnología
_vAplicaciones odontológicas
658 0 _98073
_aEspecialización en Prostodoncia
658 0 _98074
_aEspecialización en Rehabilitación Oral
700 _912969
_aDashaputra, Rajesh
856 _yAcceso online exclusivo para comunidad Unicoc.
_uhttps://unicoceduco-my.sharepoint.com/:b:/g/personal/direccionbiblioteca_unicoc_edu_co/IQDLWbqcks6sQIjGlH2PuSGQAbrrakMH-4EZXgbm6ODH57M
942 _2ddc
_cEBOOK
999 _c10858
_d10858